Použitie metódy State Estimation pre odhad parametrov prvkov elektrizačnej sústavy : Kand.diz.práca : V.odb. 39-21-9 : Obh. 09.12.1992 /

Guardado en:
Detalles Bibliográficos
Autor principal: Panák, Stanislav (Autor)
Otros Autores: Krošlák, Štefan (Orientador)
Formato: Manuscrito Libro
Publicado: Bratislava : STU v Bratislave FEI, 1992
Materias:
Etiquetas: Agregar Etiqueta
Sin Etiquetas, Sea el primero en etiquetar este registro!

MARC

LEADER 00000ntm a22000003a 4500
001 stu4270
005 20160720092514.6
008 ------s1992----------------------------d
040 |a STU  |b slo 
100 1 |a Panák, Stanislav  |4 aut 
245 1 |a Použitie metódy State Estimation pre odhad parametrov prvkov elektrizačnej sústavy :  |b Kand.diz.práca : V.odb. 39-21-9 : Obh. 09.12.1992 /  |c [aut.] Panák,Stanislav, Ing.; Škol. Krošlák,řtefan 
260 |a Bratislava :  |b STU v Bratislave FEI,  |c 1992 
300 |a 84 s 
650 7 |a dispečerské riadenie elektrizačnej sústavy  |2 stusub 
650 7 |a metóda odhadu stavu elektrizačnej sústavy  |2 stusub 
700 1 |a Krošlák, Štefan  |4 ths 
996 |b 284ED00606  |c E*KDIZ-664  |l EE01  |s A  |a 24  |w stu4270_0001